Canadian Islands: Real or Imposter? Quiz Stats

 Plays Quiz not verified by Sporcle

Score 0/30 Timer 04:00
0 Plays Today
Island R/I % Correct
Baffin Island???
89.2%
Newfoundland???
87.1%
O'ahu???
86%
Kangaroo Island???
86%
Tobago???
84.9%
Vancouver Island???
83.9%
Mackenzie King Island???
77.4%
Bathurst Island???
76.3%
Île de Montréal???
75.3%
Manitoulin Island???
75.3%
Galileo Island???
74.2%
Mount Desert Island???
72%
Tunungayualok Island???
68.8%
Maple Leaf Island???
64.5%
Love Island???
62.4%
Island R/I % Correct
Semisopochnoi Island???
62.4%
Integrity Island???
62.4%
Kriyantli Island???
61.3%
Igloolik Island???
59.1%
Calgary Island???
58.1%
Canvey Island???
58.1%
Herschel Island???
57%
Attu Island???
54.8%
Secretary Island???
50.5%
Makepeace Island???
49.5%
Puffin Island???
48.4%
Ireland's Eye Island???
40.9%
Dexterity Island???
40.9%
Padloping Island???
36.6%
Air Force Island???
30.1%

You're not logged in!

Compare scores with friends on all Sporcle quizzes.
OR
Log In

Show Comments

Extras

Top Quizzes Today


Score Distribution

Your Account Isn't Verified!

In order to create a playlist on Sporcle, you need to verify the email address you used during registration. Go to your Sporcle Settings to finish the process.

Report this User

Report this user for behavior that violates our Community Guidelines.

Details: